000 00574nam a2200193Ia 4500
003 GCL
008 140319s9999 xx 000 0 ara d
040 _aGCL /
_cGCL
082 0 4 _a812.7
_bر ا
100 1 _aرمسيس عوض
245 1 0 _aاتجاهات سياسية فى المسرح قبل ثورة 1919 /
_cرمسيس عوض
260 _a[S.N] :
_bالهيئة المصرية العامة للكتاب ،
_c1979
300 _a284 ص
490 _a
650 0 4 _aمصر
650 0 4 _aالمسرح
650 0 4 _aالجوانب السياسية
942 _2ddc
_cBK
999 _c30711
_d30711